000 00470nam a2200181Ia 4500
008 131103s9999 xx 000 0 und d
020 _a0 7131 5599 4
040 _aLoreto College
041 _aEnglish
082 _a842/CUR
_bLCLIB/23654
100 _aCurrie, Peter
245 _aCorneille
_bPolyeucte
_cPeter Currie
260 _aBritain
_bThe Camlet Press Ltd
_c1974
300 _a62p
_c 18cm
650 _aFrench-drama
850 _aLCLIB/842/CUR
942 _cBK
999 _c24121
_d74600